Commercial and investment banking and the international credit and capital markets : (Record no. 17188)
[ view plain ]
| 000 -LEADER | |
|---|---|
| fixed length control field | 00898cam a2200229 a 4500 |
| 001 - CONTROL NUMBER | |
| control field | 17338468 |
| 005 - DATE AND TIME OF LATEST TRANSACTION | |
| control field | 20130131140438.0 |
| 008 - FIXED-LENGTH DATA ELEMENTS--GENERAL INFORMATION | |
| fixed length control field | 120608s2012 enka b 001 0 eng |
| 010 ## - LIBRARY OF CONGRESS CONTROL NUMBER | |
| LC control number | 2012022992 |
| 020 ## - INTERNATIONAL STANDARD BOOK NUMBER | |
| International Standard Book Number | 9780230370470 |
| 082 00 - DEWEY DECIMAL CLASSIFICATION NUMBER | |
| Classification number | 332.042 |
| Edition number | 23 |
| Item number | SCO |
| 100 1# - MAIN ENTRY--PERSONAL NAME | |
| Personal name | Scott-Quinn, Brian, |
| Dates associated with a name | 1945- |
| 9 (RLIN) | 32217 |
| 245 10 - TITLE STATEMENT | |
| Title | Commercial and investment banking and the international credit and capital markets : |
| Remainder of title | a guide to the global finance industry and its governance / |
| Statement of responsibility, etc | Brian Scott-Quinn. |
| 260 ## - PUBLICATION, DISTRIBUTION, ETC. (IMPRINT) | |
| Place of publication, distribution, etc | Houndmills, Basingstoke ; |
| -- | New York, NY : |
| Name of publisher, distributor, etc | Palgrave Macmillan, |
| Date of publication, distribution, etc | 2012. |
| 300 ## - PHYSICAL DESCRIPTION | |
| Extent | xx, 469 p. : |
| Other physical details | ill. ; |
| Dimensions | 26 cm. |
| 504 ## - BIBLIOGRAPHY, ETC. NOTE | |
| Bibliography, etc | Includes bibliographical references and index. |
| 650 #0 - SUBJECT ADDED ENTRY--TOPICAL TERM | |
| Topical term or geographic name as entry element | International finance. |
| 9 (RLIN) | 32218 |
| 650 #0 - SUBJECT ADDED ENTRY--TOPICAL TERM | |
| Topical term or geographic name as entry element | Banks and banking, International. |
| 9 (RLIN) | 20013 |
| 650 #0 - SUBJECT ADDED ENTRY--TOPICAL TERM | |
| Topical term or geographic name as entry element | Financial institutions, International. |
| 9 (RLIN) | 32219 |
| 653 ## - INDEX TERM--UNCONTROLLED | |
| Resource For college | |
| Arrived date list | January2013 |
| 942 ## - ADDED ENTRY ELEMENTS (KOHA) | |
| Source of classification or shelving scheme | Dewey Decimal Classification |
| Item type | Book - Borrowing |
| Withdrawn status | Item status | Source of classification or shelving scheme | Damaged status | Not for loan | Vendor | Home library | Current library | Shelving location | Date acquired | Source of acquisition | Cost, normal purchase price | Serial Enumeration / chronology | Total Checkouts | Total Renewals | Full call number | Barcode | Date last seen | Date last borrowed | Koha item type |
|---|---|---|---|---|---|---|---|---|---|---|---|---|---|---|---|---|---|---|---|
| Dewey Decimal Classification | THe Middle East Observer | Central Library | Central Library | First floor | 31/01/2013 | 320.00 | 001339 | 2 | 24 | 332.042 SCO | 000027950 | 15/07/2025 | 11/11/2021 | Book - Borrowing |